UBT Library

Human relations in organizations : (Record no. 941)

000 -LEADER
fixed length control field 00549nam a22001817a 4500
008 - FIXED-LENGTH DATA ELEMENTS--GENERAL INFORMATION
fixed length control field 150601b xxu||||| |||| 00| 0 eng d
020 ## - INTERNATIONAL STANDARD BOOK NUMBER
International Standard Book Number 9780073210551
041 0# - LANGUAGE CODE
Language code of text/sound track or separate title eng
080 ## - UNIVERSAL DECIMAL CLASSIFICATION NUMBER
Universal Decimal Classification number 658.31
100 1# - Rafti
Rafti Lussier, Robert N.
245 10 - TITLE STATEMENT
Title Human relations in organizations :
Statement of responsibility, etc Robert N. Lussier.
250 ## -
-- 7th ed.
260 ## -
-- Boston, MA :
-- McGraw-Hill/Irwin,
-- c2006.
300 ## -
-- 678 f. :
-- me il. ;
-- 28 cm.
650 #0 -
-- Sjellja organizative
650 #0 -
-- Marrëdhëniet ndërpersonale
942 ## - ADDED ENTRY ELEMENTS (KOHA)
Source of classification or shelving scheme
Item type Books
Holdings
Withdrawn status Lost status Source of classification or shelving scheme Damaged status Not for loan Collection code Permanent location Current location Shelving location Date acquired Total Checkouts Full call number Barcode Date last seen Koha item type
          Koleksioni i përgjithshem UBT - Lipjan UBT - Lipjan Koleksioni i përgjithshem 06/01/2015   658.31 LUS 002-008746 06/01/2015 Books
UBT Library © 2015-2024. All rights reserved University Education for Business and Technology